| 000 | 00830nam a2200205 a 4500 | ||
|---|---|---|---|
| 001 | 000574093 | ||
| 003 | AM-YEHGA | ||
| 005 | 20250822104239.0 | ||
| 008 | 080328s1913 tu |||||||||||000|0|arm|d | ||
| 040 | _aAM-YEHGA | ||
| 041 | 0 | _aarm | |
| 100 | 1 | _aՏէր Ստեփանեան, Նշան | |
| 245 | 1 | 0 |
_aԵրկրագործին բարեկամը : _bԸնթացք երկրագործութեան / _cՆ. Տէր Ստեփանեան. |
| 260 |
_aԿ. Պոլիս : _bտպ. Սանճագճեան, _c1913. |
||
| 300 |
_aգրքույկ ; _c18 սմ. |
||
| 440 | 0 | _aԼուսաղբիւր հրատարակչական ընկերութիւն | |
| 505 | 1 | 0 |
_gԳրքույկ Ա. (1913 ; 92 էջ, նկ.) : _tՀիմնական նախագիտելիքներ |
| 650 | 1 | 4 | _aԳյուղատնտեսության ընդհանուր հարցեր |
| 942 |
_2udc _cBK |
||
| 999 |
_c534712 _d534712 |
||